Lanean...

കൊലമരത്തിൽനിന്നുള്ള കുറിപ്പുകൾ (Kolamarathilninnulla kurippukal)

Xehetasun bibliografikoak
Egile nagusia: ഫ്യുസിക്,ജൂലിയസ് (Fucik,Julius)
Formatua: Printed Book
Argitaratua: Thiruvananthapuram: Chintha Publishers, 1997.
Edizioa:4
Gaiak:
LEADER 00687cam a2200157ua 4500
999 |c 4345  |d 4345 
082 |a M320.533  |b FUC/K 
100 0 |a ഫ്യുസിക്,ജൂലിയസ് (Fucik,Julius) 
245 1 0 |a കൊലമരത്തിൽനിന്നുള്ള കുറിപ്പുകൾ (Kolamarathilninnulla kurippukal) 
250 |a 4 
260 |a Thiruvananthapuram:  |b Chintha Publishers,  |c 1997. 
300 |a 104p. 
650 |a German invasion-czechoslovakia  |a Fascism-gestapo   |a Nazi germany  |a Communist Revolutionary 
650 0 |a Communism 
942 |c BK 
952 |0 0  |1 0  |4 0  |6 M_320_533000000000000_FUC_K  |7 0  |9 4533  |a KUCL  |c M  |d 2014-05-23  |g 35.00  |l 0  |o M320.533 FUC/K  |p 07498  |r 2014-05-23  |y BK